| 000 | 01005nam a22002535i 4500 | ||
|---|---|---|---|
| 001 | 67139 | ||
| 003 | ES-MaACL | ||
| 005 | 20250806062532.0 | ||
| 007 | t| | ||
| 008 | 920507s1989 sp ||||0| spa d | ||
| 020 | _a84-7812-053-X | ||
| 040 |
_aM-BN _bspa _cM-BN |
||
| 080 | _a628.1(460.27 M.)"17" | ||
| 100 | 1 |
_aMontero Vallejo, Manuel. _982540 |
|
| 245 | 1 | 0 |
_aProblemas en el abastecimiento de agua a Madrid durante el siglo XVIII / _cpor Manuel Montero Vallejo. |
| 260 |
_aMadrid : _bAyuntamiento de Madrid, Area de Cultura, Educación, Juventud y Deportes : _bInstituto de Estudios Madrileños, _c1989. |
||
| 300 |
_a26 cm ; _c22 cm. |
||
| 490 | 1 |
_aCiclo de conferencias: El Madrid de Carlos III ; _v16 |
|
| 650 |
_aAgua- _xAbastecimiento- _zMadrid (Comunidad Autónoma) _9174820 |
||
| 710 | 2 |
_aInstituto de Estudios Madrileños _94916 |
|
| 830 | 0 | 0 |
_aCiclo de conferencias: El Madrid de Carlos III _v16 _9180033 |
| 852 |
_aES-MaACL _j2172-F-17 _bR.117275 |
||
| 999 |
_c67139 _d67139 |
||